[Event "COL-chT Interligas (Women)"]
[Site "Palmira"]
[Date "2019.04.29"]
[Round "6.2"]
[White "Rincon Fuquen, Angie Lizeth"]
[Black "Villamizar Pereira, Andrea Camil"]
[Result "0-1"]
[WhiteElo "1527"]
[BlackElo "1669"]
[PlyCount "61"]
[EventDate "2019.04.27"]
[EventType "team-swiss"]
[EventRounds "6"]
[EventCountry "COL"]
[SourceTitle "CBM 190 Extra"]
[Source "ChessBase"]
[SourceDate "2019.07.15"]
[SourceVersion "1"]
[SourceVersionDate "2019.07.15"]
[SourceQuality "1"]
[WhiteTeam "Boyaca (W)"]
[BlackTeam "Santander (W)"]
[WhiteTeamCountry "COL"]
[BlackTeamCountry "COL"]

1. d4 d5 2. c4 e6 3. g3 Nf6 4. Bg2 Be7 5. Nc3 c6 6. cxd5 exd5 7. Nf3 Nbd7 8. 0-0 Nf8 9. Ne5 Ng4 10. Nxg4 Bxg4 11. Qd3 Ne6 12. e3 Nc7 13. a3 Qd7 14. f3 Bh3 15. e4 Bxg2 16. Kxg2 h5 17. e5 g5 18. f4 gxf4 19. Bxf4 0-0-0 20. Rae1 h4 21. Kf3 Rdg8 22. Ke2 hxg3 23. hxg3 Rh2+ 24. Kd1 Rxb2 25. Bc1 Rg2 26. Rg1 Rxg1 27. Rxg1 Qg4+ 28. Kc2 Ne6 29. Ne2 Qxe2+ 30. Bd2 Qxd3+ 31. Kxd3 0-1

[Event "COL-ch U26 (Women)"]
[Site "Medellin"]
[Date "2018.10.20"]
[Round "6"]
[White "Villamizar Pereira, Andrea Camil"]
[Black "Cespedes Galindo, Estefania"]
[Result "1/2-1/2"]
[WhiteElo "1665"]
[BlackElo "1774"]
[PlyCount "68"]
[EventDate "2018.10.18"]
[EventType "swiss"]
[EventRounds "6"]
[EventCountry "COL"]
[SourceTitle "CBM 187 Extra"]
[Source "ChessBase"]
[SourceDate "2018.11.04"]
[SourceVersion "1"]
[SourceVersionDate "2018.11.04"]
[SourceQuality "1"]

1. e4 c5 2. Nf3 Nc6 3. d4 cxd4 4. Nxd4 e5 5. Nb5 d6 6. c4 Nf6 7. N1c3 a6 8. Na3 Be7 9. Be2 0-0 10. 0-0 Nd4 11. Nc2 Nxc2 12. Qxc2 Be6 13. b3 Nd7 14. Rd1 f5 15. Nd5 Bxd5 16. exd5 Bg5 17. Rd3 e4 18. Bxg5 exd3 19. Bxd8 dxc2 20. Bg5 Rfe8 21. Bd3 Nc5 22. Bxf5 Re5 23. Be6+ Nxe6 24. dxe6 Rxe6 25. Be3 b5 26. Rc1 bxc4 27. Rxc2 cxb3 28. axb3 Rb8 29. Rc3 d5 30. h3 Re4 31. Rd3 Reb4 32. Rxd5 Rxb3 33. Ra5 Ra8 34. Kh2 Rb5 1/2-1/2

[Event "Santander UDI Cup"]
[Site "Santander"]
[Date "2013.06.03"]
[Round "8"]
[White "Villamizar Pereira, Andrea Camil"]
[Black "Rico Hernandez, Edgar"]
[Result "1/2-1/2"]
[WhiteElo "1672"]
[BlackElo "1887"]
[PlyCount "53"]
[EventDate "2013.05.31"]
[EventType "swiss"]
[EventRounds "8"]
[EventCountry "COL"]
[SourceTitle "CBM 154 Extra"]
[Source "ChessBase"]
[SourceDate "2013.06.25"]
[SourceVersion "2"]
[SourceVersionDate "2013.06.25"]
[SourceQuality "1"]

1. e4 d6 2. d4 Nf6 3. Bd3 g6 4. h3 Bg7 5. Nf3 0-0 6. Be3 Nc6 7. a3 Re8 8. Qd2 e5 9. dxe5 Nxe5 10. Nxe5 Rxe5 11. Nc3 d5 12. exd5 Nxd5 13. Nxd5 Rxd5 14. Qc1 Bf5 15. Bxf5 Rxf5 16. Rb1 Qd5 17. 0-0 Re8 18. Qd1 Qc6 19. c3 Rd5 20. Qf3 Qb5 21. c4 Qxc4 22. Rbc1 Qe4 23. Qxe4 Rxe4 24. Rxc7 Bxb2 25. Rxb7 Bxa3 26. Rxa7 Bf8 27. Rc1 1/2-1/2

[Event "Santander UDI Cup"]
[Site "Santander"]
[Date "2013.05.31"]
[Round "2"]
[White "Villamizar Pereira, Andrea Camil"]
[Black "Garces Trujillo, Luis Javier"]
[Result "0-1"]
[WhiteElo "1672"]
[BlackElo "2002"]
[PlyCount "120"]
[EventDate "2013.05.31"]
[EventType "swiss"]
[EventRounds "8"]
[EventCountry "COL"]
[SourceTitle "CBM 154 Extra"]
[Source "ChessBase"]
[SourceDate "2013.06.25"]
[SourceVersion "2"]
[SourceVersionDate "2013.06.25"]
[SourceQuality "1"]

1. e4 c5 2. Nf3 d6 3. d4 cxd4 4. Nxd4 Nf6 5. Nc3 g6 6. Bd3 Bg7 7. Nb3 Nc6 8. h3 0-0 9. Be3 d5 10. exd5 Nxd5 11. Bd2 Nxc3 12. Bxc3 Bxc3+ 13. bxc3 Qd6 14. 0-0 Be6 15. Qe2 Rac8 16. Rfd1 Qe5 17. Nd4 Qxe2 18. Nxe2 Rfd8 19. Rab1 Rc7 20. a3 Bc8 21. Bb5 Rxd1+ 22. Rxd1 Kg7 23. Rd3 a6 24. Ba4 Ne5 25. Rd1 Nc4 26. Ra1 e5 27. Bb3 Nd2 28. Rd1 Nc4 29. Ra1 Be6 30. a4 Rd7 31. Ng3 f5 32. Re1 Kf6 33. Nf1 Nb6 34. Rb1 Nc4 35. Re1 Nd2 36. Nxd2 Rxd2 37. Rb1 Bxb3 38. cxb3 Ke6 39. Kf1 e4 40. Ke1 Rc2 41. c4 h6 42. g3 g5 43. Kf1 h5 44. Kg1 Rc3 45. Kg2 Ke5 46. Kh2 Kd4 47. Kg2 Rd3 48. Kf1 Kc3 49. Re1 Rd2 50. Re3+ Rd3 51. Re1 Kb4 52. Re3 Kxb3 53. Ke2 Rxe3+ 54. fxe3 Kxc4 55. Kd2 b5 56. axb5 axb5 57. Kc2 b4 58. Kb2 Kd3 59. Kb3 Kxe3 60. Kxb4 Kd2 0-1

[Event "Santander UDI University op U27"]
[Site "Santander"]
[Date "2012.03.30"]
[Round "2"]
[White "Villamizar Pereira, Andrea Camil"]
[Black "Valencia Lopez, Daily Vanessa"]
[Result "1/2-1/2"]
[WhiteElo "1660"]
[BlackElo "1373"]
[PlyCount "46"]
[EventDate "2012.03.29"]
[EventType "swiss"]
[EventRounds "9"]
[EventCountry "COL"]
[SourceTitle "CBM 147 Extra"]
[Source "ChessBase"]
[SourceDate "2012.04.24"]
[SourceVersion "1"]
[SourceVersionDate "2012.04.24"]
[SourceQuality "1"]

1. e4 e5 2. Nf3 Nc6 3. Bb5 d6 4. d3 Nf6 5. c3 Be7 6. 0-0 Bd7 7. h3 0-0 8. Re1 Re8 9. Nbd2 Bf8 10. Nf1 h6 11. Ng3 g6 12. Be3 d5 13. Qd2 Kh7 14. Rad1 Bg7 15. Qc1 Qe7 16. Ba4 Rad8 17. Bb3 dxe4 18. Nxe4 Be6 19. Bc5 Qd7 20. Be3 Bxb3 21. axb3 Nxe4 22. dxe4 Qe6 23. b4 a6 1/2-1/2

[Event "Santander Region-ch (Women)"]
[Site "Santander"]
[Date "2012.02.11"]
[Round "4.2"]
[White "Florez Medina, Vannessa Alejandr"]
[Black "Villamizar Pereira, Andrea Camil"]
[Result "1/2-1/2"]
[WhiteElo "1650"]
[BlackElo "1611"]
[PlyCount "50"]
[EventDate "2012.02.04"]
[EventType "swiss"]
[EventRounds "5"]
[EventCountry "COL"]
[SourceTitle "EXT 2024"]
[Source "ChessBase"]
[SourceDate "2023.10.10"]
[SourceVersion "1"]
[SourceVersionDate "2023.10.10"]
[SourceQuality "1"]

1. e4 c5 2. d4 e6 3. c3 Nf6 4. Bg5 cxd4 5. e5 h6 6. exf6 hxg5 7. fxg7 Bxg7 8. cxd4 Qb6 9. Qd2 Bxd4 10. Nc3 Bf6 11. 0-0-0 Bg7 12. Nb5 Qc5+ 13. Kb1 Na6 14. Rc1 Qf5+ 15. Ka1 Qf4 16. Nd6+ Ke7 17. Qxf4 gxf4 18. Nxc8+ Raxc8 19. Ne2 Nb4 20. Nc3 a6 21. Be2 Bd4 22. f3 Be3 23. Rcd1 Nc2+ 24. Kb1 Na3+ 25. Ka1 Nc2+ 1/2-1/2

[Event "Santander op"]
[Site "Santander"]
[Date "2011.12.22"]
[Round "8"]
[White "Rojas Carrillo, Jonathan"]
[Black "Villamizar Pereira, Andrea Camil"]
[Result "0-1"]
[WhiteElo "1475"]
[BlackElo "1617"]
[PlyCount "40"]
[EventDate "2011.12.17"]
[EventType "swiss"]
[EventRounds "9"]
[EventCountry "COL"]
[SourceTitle "CBM 146 Extra"]
[Source "ChessBase"]
[SourceDate "2012.02.29"]
[SourceVersion "1"]
[SourceVersionDate "2012.02.29"]
[SourceQuality "1"]

1. e4 c5 2. Nf3 e6 3. d4 cxd4 4. Nxd4 a6 5. Nc3 Qc7 6. Bd2 Nf6 7. Bd3 Be7 8. 0-0 b5 9. a3 Bb7 10. b4 d6 11. Re1 Nbd7 12. Nde2 0-0 13. Ng3 Ne5 14. f4 Nc4 15. Bxc4 Qxc4 16. Rc1 Rac8 17. e5 Ne8 18. Rf1 dxe5 19. fxe5 Qd4+ 20. Kh1 Qxe5 0-1

[Event "Pan American-ch U16 Girls"]
[Site "Cali"]
[Date "2011.07.07"]
[Round "8"]
[White "Aguirre, Valeria"]
[Black "Villamizar Pereira, Andrea Camil"]
[Result "0-1"]
[WhiteElo "1666"]
[BlackElo "1636"]
[PlyCount "56"]
[EventDate "2011.07.03"]
[EventType "swiss"]
[EventRounds "9"]
[EventCountry "COL"]
[SourceTitle "CBM 143 Extra"]
[Source "ChessBase"]
[SourceDate "2011.08.29"]
[SourceVersion "1"]
[SourceVersionDate "2011.08.29"]
[SourceQuality "1"]

1. c4 c5 2. Nc3 e6 3. g3 Nf6 4. Bg2 Be7 5. e3 d5 6. cxd5 exd5 7. d4 cxd4 8. Qxd4 Nc6 9. Qd1 Be6 10. Nge2 Qd7 11. Nf4 Rd8 12. 0-0 0-0 13. a3 Bc5 14. b4 Bb6 15. Bb2 Bc7 16. Nxe6 fxe6 17. Qb3 Ne5 18. Rad1 Qe8 19. Ne2 Nc4 20. Ba1 Rc8 21. Nd4 Be5 22. Nf3 Bxa1 23. Rxa1 Ne4 24. Rfd1 Qh5 25. Nd4 Ncd2 26. Qd3 Rxf2 27. Nxe6 Nf3+ 28. Bxf3 Qxh2# 0-1

[Event "Pan American-ch U16 Girls"]
[Site "Cali"]
[Date "2011.07.04"]
[Round "3"]
[White "Nunez Marquina, Nataly Massiel"]
[Black "Villamizar Pereira, Andrea Camil"]
[Result "1-0"]
[WhiteElo "1876"]
[BlackElo "1636"]
[PlyCount "51"]
[EventDate "2011.07.03"]
[EventType "swiss"]
[EventRounds "9"]
[EventCountry "COL"]
[SourceTitle "CBM 143 Extra"]
[Source "ChessBase"]
[SourceDate "2011.08.29"]
[SourceVersion "1"]
[SourceVersionDate "2011.08.29"]
[SourceQuality "1"]

1. e4 c5 2. Nf3 e6 3. d4 cxd4 4. Nxd4 Nf6 5. Nc3 Bb4 6. e5 Nd5 7. Qg4 g6 8. Bd2 Qc7 9. Nxd5 Bxd2+ 10. Kxd2 exd5 11. Nb5 Qd8 12. Nd6+ Kf8 13. Qf4 f5 14. exf6 h6 15. Re1 Nc6 16. Re8+ Qxe8 17. Nxe8 Kxe8 18. f7+ Kf8 19. Qf6 Rh7 20. Qxg6 Rxf7 21. Qxh6+ Kg8 22. Qg5+ Kh8 23. Bb5 Rxf2+ 24. Kc1 Rf7 25. Re1 d6 26. Qh6+ 1-0